Score 0/30 Timer 08:00
1 Play Today
% Correct
Rabbit (bunny)
88.3%
Horse
88%
Chipmunk
87.9%
Regal Tang
87.8%
Owl
87.4%
Pig
87%
Crocodile
86%
Snakes
85.8%
Rat
84.7%
Wolf
83.9%
Chameleon
82.4%
Polar Bear
81.3%
Tiger
80.3%
Emperor Penguin
77.1%
Tarantula
75.7%
% Correct
Capuchin Monkey
75.5%
Llama
75.5%
Panda
74.8%
Lion
74.6%
Cats
72.9%
Blue Jay
72.3%
Great White Shark
72.3%
Fox
72%
Platypus
69.8%
Scorpions
69.6%
Bumblebee
69.2%
Turtle
66.7%
Shiba Inu
63.3%
Hippopotamus
60.9%
Gazelle
49.5%
Remove Ads.
Support Sporcle.
Get the best of Sporcle when you Go Orange. This ad-free experience offers more features, more stats, and more fun while also helping to support Sporcle. Thank you for becoming a member.

You're not logged in!

Compare scores with friends on all Sporcle quizzes.
OR
Log In

Show Comments

Extras

Top Quizzes Today


Score Distribution

Your Account Isn't Verified!

In order to create a playlist on Sporcle, you need to verify the email address you used during registration. Go to your Sporcle Settings to finish the process.

Report this User

Report this user for behavior that violates our Community Guidelines.

Details: